000 00225nam a2200121Ia 4500
100 _a#N/A
942 _cBK
654 _aMULTIMEDIA
245 _aMULTIMEDIA ON PC
260 _bBPB Publ.
082 _bSIN
546 _aENGLISH
999 _c20786
_d20786